| 000 | 01016cam a22003137a 4500 | ||
|---|---|---|---|
| 003 | CHAP | ||
| 005 | 20220329140012.0 | ||
| 008 | 971013s1984 r 00010 d | ||
| 010 | _a45329 | ||
| 011 | _a46301 | ||
| 035 | _a50442 | ||
| 040 | _cCHAP | ||
| 090 | _aFolleto 9076 | ||
| 100 | 0 | 0 |
_aReeve, R. _995453 |
| 245 | 1 | 4 | _aThe ralationship between salinity and geology in Six Creeeks in south east Queensland |
| 260 |
_a(Melbourne) : _bCommnonwealth Scientific and Industrial Reseaarch Organization, _c1984 |
||
| 300 |
_a13 p. _b; gráfs. |
||
| 590 |
_aBATCH-UPD _b10 _c20130110 _lUCH01 _h1849 |
||
| 590 |
_aBATCH-UPD _b10 _c20130410 _lUCH01 _h1218 |
||
| 590 |
_aBATCH-UPD _b10 _c20130914 _lUCH01 _h0258 |
||
| 590 |
_aCONVERSION _b10 _c20130109 _lUCH01 _h1325 |
||
| 650 | 1 | 4 |
_aAguas salinas. _92592 |
| 650 | 1 | 4 |
_aGeología _xAustralia. _947607 |
| 650 | 1 | 4 |
_aSuelos salinos. _9110558 |
| 700 | 0 |
_aJones, R. M. _962061 |
|
| 901 | _aBK | ||
| 942 | _cFOLL | ||
| 949 |
_aFolleto 9076 _bBC _cFOLL _d-113353 _eTS1 _i50442 _mD _si |
||
| 999 |
_c45329 _d45329 |
||